000 00780nam a22002055i 4500
001 165935
003 ES-MaACL
005 20230906213231.0
008 050913s1881 xxk | |||||||| ||eng d
040 _aCAM
_bspa
_cCAM
245 0 0 _aSystems od land tenure in various countries
_b: a series of essays published under the sanction of the Cobden Club /
_cedited by J.W. Probyn.
250 _aNew ed. rev. and corr.
260 _aLondon; Paris & New York :
_bCassell, Petter, Galpin & Co.,
_c[s.a.]
300 _aVI, 534 p. ;
_c19 cm.
596 _aPreliminares fechados en 1881.
650 4 _aTierra-
_xPropiedad (Derecho)
_9136929
700 1 _aProbyn, J.W.
_9131381
710 2 _aCobden Club (London, England)
_92870
852 _aES-MaACL
_jC-3879
_z-- Enc. tela con hierros
999 _c165935
_d165935